000 00869nam a2200241 a 4500
001 59755
003 BD-RjUL
005 20211209080751.0
008 161227t1976 bg ||||||b|||o001 0 eng d
020 _c: Tk. 25.00
035 _a(BD-RjUL)59879
040 _aBD-RjUL
_beng
_cBD-RjUL
041 _aeng
082 _223
_a910.3
_bKUS 1976
110 _aBangladesh.
_bMinistry of Cabinet Affairs. Establishment Devision.
_9177844
245 1 0 _aBangladesh District Gazetteers Kushtia /
_cBangladesh. Ministry of Cabinet Affairs. Establishment Devision; General Editor Ashraf Siddiqui
260 _aDacca :
_bBangladesh Government Press ,
_c1976.
300 _aiii,[5] 273 p. :
_bill. ;
_c25 cm.
504 _aIncludes Bibliography and Index
650 _aBangladesh
_zKushtia
_9177796
_vGazetteers
700 _aSiddiqui, Ashraf, General Editor
_9177797
942 _2ddc
_cRAR
999 _c59755
_d59755